| 000 | 00777nam a2200181Ia 4500 | ||
|---|---|---|---|
| 008 | 090630s9999 xx 000 0 und d | ||
| 082 | _b14954 | ||
| 100 | _aपाटणकर माधव. | ||
| 245 |
_aस्थुणा - शास्त्र व तंत्र. _cपाटणकर माधव. |
||
| 260 |
_bमहाराष्ट्र विद्यापीठ ग्रंथनिर्मिती मंडळ - नागपूर. _c1980 |
||
| 300 | _a222 | ||
| 600 | _aपाटणकर माधव. | ||
| 630 | _aस्थुणा - शास्त्र व तंत्र. | ||
| 655 | _aइतर. | ||
| 700 | _aपाटणकर माधव. | ||
| 730 | _aस्थुणा - शास्त्र व तंत्र. | ||
| 942 | _cBOOK | ||
| 999 |
_c266810 _d266810 |
||